| 000 | 00888nam a2200253 i 4500 | ||
|---|---|---|---|
| 001 | 34947 | ||
| 003 | ES-MaACL | ||
| 005 | 20231229062540.0 | ||
| 007 | t| | ||
| 008 | 030211s1957 sp ||||1| spa d | ||
| 100 | 1 |
_aBonsels, Waldemar. _930299 |
|
| 245 | 1 | 0 |
_aViaje a la India / _cWaldemar Bonsels ; traducción del alemán por Gaby Maurer de la Serna y Consuelo Bergés ; nota preliminar de F.S.R. ; recordatorio por Concha Espina. |
| 250 | _a[2ª ed.]. | ||
| 260 |
_aMadrid : _bAguilar, _c[1957] |
||
| 300 |
_a533 p., 1 lám. ; _c12 cm. |
||
| 490 | 1 |
_aCrisol ; _v89 |
|
| 700 | 1 |
_aMaurer de la Serna, Gaby. _979242 |
|
| 700 | 1 |
_aBerges, Consuelo. _927982 |
|
| 700 | 1 |
_aEspina, Concha, _d1869-1955 _947834 |
|
| 700 | 1 |
_aSainz de Robles, Federico Carlos, _d1898-1982 _9101593 |
|
| 830 | 0 |
_aCrisol ; _v89 _9180848 |
|
| 852 |
_aES-MaACL _jD-8420 _bR.40429 |
||
| 999 |
_c34947 _d34947 |
||